000 01071nam a22002657a 4500
005 20220917115038.0
008 220917b ||||| |||| 00| 0 eng d
020 _a9789394881037
040 _cAL
041 _aEnglish
082 _223
_a657.46
_bMAND
100 _aManoharan T N and others
_957844
245 _aDirect tax Laws and International Taxation: Assessment year 2022-23
250 _a39
260 _aMumbai
_bSnow White Publications Pvt Ltd
_c2022
300 _alxvi,1104 p.
_bPB
_c28x21 cm.
365 _a4158
_b₹1516.00
_c
_d₹1895.00
_e20%
_f10-09-2022
521 _aDescription Assessment Year 2022-23 (For New Syllabus) For CA Final – November 2022 Examinations For CS, CMA – December 2022 Examinations Also for M.Com, LLB, MBA Courses Includes : Detailed analysis of GAAR, POEM, BEPS & ICDS
650 _aDirect tax july 2022
_957807
650 _aInternational Tax
_957808
650 _aDetailed analysis of GAAR, POEM,BEPS & ICDS
_957834
700 _aMANOHARAN (T N)
_957809
700 _aHARI (G R)
_957810
942 _2ddc
_cBK
999 _c224615
_d224615